Score 0/12 Timer 03:00
0 Plays Today
Length (miles) Borders % Correct
608.2California Nevada
95.8%
715.4Texas Oklahoma
89.9%
569.8Montana Idaho
74.1%
359.0South Dakota North Dakota
68.2%
536.2Texas New Mexico
67.9%
391.0New Mexico Arizona
67.9%
377.7Montana Wyoming
63.1%
385.8Oregon Washington
54.2%
409.1Oklahoma Kansas
49.7%
399.1South Dakota Nebraska
45.8%
456.6Louisiana Mississippi
15.2%
381.2Virginia West Virginia
13.1%
Remove Ads.
Support Sporcle.
Get the best of Sporcle when you Go Orange. This ad-free experience offers more features, more stats, and more fun while also helping to support Sporcle. Thank you for becoming a member.

You're not logged in!

Compare scores with friends on all Sporcle quizzes.
OR
Log In

Show Comments

Extras

Top Quizzes Today


Score Distribution

Your Account Isn't Verified!

In order to create a playlist on Sporcle, you need to verify the email address you used during registration. Go to your Sporcle Settings to finish the process.

Report this User

Report this user for behavior that violates our Community Guidelines.

Details: